000 00311nam a22001337a 4500
020 _aNA
082 _222
_a338.5024658
100 _aSalvatore Dominick.
245 _aManagerial economics /
250 _a3rd
260 _aMc Graw Hill,
_bMc Graw Hill,
_cc1996
300 _a273 p,;
_bNA
_c24cm.
942 _2ddc
_cGEN
999 _c1724
_d1724